000 00584nam a2200193Ia 4500
005 20250923144632.0
008 008 250917s9999 xx 000 0 eng d
037 _aTextual
040 _aDSWL
_beng
_cDSWL
041 _aeng
_2eng
084 _aYXp73,M74, N30
_qDSWL
245 0 _aNational conference of Social Work 1930, 57th Annual Meeting
_cby University of Chicago
260 _aChicago
_bUniversity of Chicago Press
_c1930
300 _avii,733p.
365 _aUSD
_b3.5
925 _g3.5
942 _cTEXL
_hYXp73,M74, N30
999 _c1441472
_d1441472